General knowledge quiz #2 - Statistics

General Stats
  • This quiz has been taken 84 times
  • The average score is 12 of 20
Answer Stats
Hint Answer % Correct
What is the largest South American country Brazil
95%
What does KFC stand for Kentucky fried chicken
90%
What crop is produced the most in asia Rice
88%
What is the longest river in the world Nile
79%
What is the most populated us state California
77%
Who is credited with inventing the lightbulb Thomas edison
74%
If you have arachnophobia what are you afraid of Spiders
71%
Who was the 3rd president of the united states Thomas jefferson
71%
After humans(or in my opinion before) what animal is regarded as the smartest Dolphin
63%
This country is the biggest in the world by% of the continent it is apart of Australia
55%
And the least populated us state Wyoming
52%
What year was the Declaration of Independence written 1776
51%
What nfl player has 7 Super Bowl rings more then any team Tom brady
51%
Worlds most highly practiced religion Christianity
49%
What is the longest running show on tv The simpsons
41%
In 1921 this countries empire peaked Uk
41%
Who has the most twitter followers Elon musk
34%
What classic book(that I would assume most of you were forced to read in high school) features the characters piggy Ralph and jack Lord of the flies
33%
And what show ripped that show off and then became better Family guy
30%
What animals did humans originally domesticate Wolves
15%
No matching quizzes found
Score Distribution
Percent of People with Each Score
Percentile by Number Answered
Your Score History
You have not taken this quiz